|
|
|
|
| LEADER |
00000nam0a2200000 4500 |
| 001 |
62198 |
| 005 |
20231031063254.0 |
| 035 |
|
|
|a (RuTPU)RU\TPU\book\65931
|
| 090 |
|
|
|a 62198
|
| 100 |
|
|
|a 20040406d1910 km y0gery50 ba
|
| 101 |
0 |
|
|a ger
|
| 102 |
|
|
|a DE
|
| 105 |
|
|
|a a z 001zy
|
| 200 |
1 |
|
|a Das Feuerlöfdjmefen in der Stadt und auf dem Lande
|f Dittmann, Dr. Reddemann
|
| 210 |
|
|
|a Berlin
|c Fertag fon Julius Springer
|d 1910
|
| 215 |
|
|
|a 269 с.
|c ил.
|
| 320 |
|
|
|a Терминологический указатель: с. 262-269.
|
| 610 |
1 |
|
|a пожарная охрана
|
| 610 |
1 |
|
|a пожары
|
| 610 |
1 |
|
|a тушение
|
| 610 |
1 |
|
|a устройства
|
| 610 |
1 |
|
|a немецкий язык
|
| 675 |
|
|
|a 614.84
|v 3
|
| 686 |
|
|
|a Ч611.68
|v LBC/SL-A
|2 rubbk
|
| 700 |
|
1 |
|a Dittmann
|
| 701 |
|
1 |
|a Reddemann
|b Dr.
|
| 801 |
|
1 |
|a RU
|b 63413507
|c 20040406
|g PSBO
|
| 801 |
|
2 |
|a RU
|b 63413507
|c 20040421
|g PSBO
|
| 942 |
|
|
|c BK
|